=LDR 00000nam 2200000 4500 =001 INLIS000000000042631 =005 20200217073605 =035 ##$$a 0010-101300000000553 =008 200217################g##########0#ind## =041 ##$$a Ind =082 ##$$a 158.2 =090 ##$$a 158.2, Tri i =100 ##$$a Tri Rusmi Widayatun =245 1#$$a Ilmu prilaku M.A 140 : $b Buku pegangan mahasiswa akper /$c Tri Rusmi Widayatun =260 ##$$a Jakarta :$b Sagung Seto,$c 2009 =300 ##$$a v, 267 hlm. : $b ilus. ; $c 23 x 16 cm. =650 #4$$a Psikologi Terapan =850 ##$$a NBPNMAT =020 ##$$a 979-95213-5-1 =084 ##$$a 158.2 TRI i =500 ##$$a Bibliografi; hlm. 262-267 =990 ##$$a 0001/BPAP-NTB/20142015 =990 ##$$a 0001/BPAP-NTB/20142015 =990 ##$$a 21602778/BPAP-NTB/2017 =990 ##$$a 21300294 =990 ##$$a 0001/BPAP-NTB/20142015 =990 ##$$a 21602778/BPAP-NTB/2017 =990 ##$$a 21300295 =990 ##$$a 21300294 =990 ##$$a 21602778/BPAP-NTB/2017